Sales, agency and bailments : (Record no. 23828)
[ view plain ]
| 000 -LEADER | |
|---|---|
| fixed length control field | 00748nam a2200241 a 4500 |
| 005 - DATE AND TIME OF LATEST TRANSACTION | |
| control field | 20140310183459.0 |
| 008 - FIXED-LENGTH DATA ELEMENTS--GENERAL INFORMATION | |
| fixed length control field | 100305s19uu xx 00 eng d |
| 020 ## - INTERNATIONAL STANDARD BOOK NUMBER | |
| International Standard Book Number | 9789712719264 |
| 050 ## - LIBRARY OF CONGRESS CALL NUMBER | |
| Classification number | KPM 863 |
| Item number | .D56 2007 |
| 100 ## - MAIN ENTRY--PERSONAL NAME | |
| Personal name | Diaz, Virginia M. |
| 245 ## - TITLE STATEMENT | |
| Title | Sales, agency and bailments : |
| Remainder of title | with selected provisions of documentary stamps executive order no. 273 (value-added tax law) and revenue regulations, no. 5-87 / |
| Statement of responsibility, etc | Virginia M. Diaz. |
| 260 ## - PUBLICATION, DISTRIBUTION, ETC. (IMPRINT) | |
| Place of publication, distribution, etc | Pasig City : |
| Name of publisher, distributor, etc | Anvil Publishing, Inc, |
| Date of publication, distribution, etc | 2007. |
| 300 ## - PHYSICAL DESCRIPTION | |
| Extent | 239 p.: |
| Dimensions | 22 cm. |
| 521 ## - TARGET AUDIENCE NOTE | |
| Target audience note | |
| 546 ## - LANGUAGE NOTE | |
| Language note | C10996 |
| 546 ## - LANGUAGE NOTE | |
| Language note | C10344 |
| 546 ## - LANGUAGE NOTE | |
| Language note | C10345 |
| 546 ## - LANGUAGE NOTE | |
| Language note | C10346 |
| 650 ## - SUBJECT ADDED ENTRY--TOPICAL TERM | |
| Topical term or geographic name as entry element | Sales. |
| 650 ## - SUBJECT ADDED ENTRY--TOPICAL TERM | |
| Topical term or geographic name as entry element | 2. Agency |
| 650 ## - SUBJECT ADDED ENTRY--TOPICAL TERM | |
| Topical term or geographic name as entry element | . 3. Bailments. |
| 942 ## - ADDED ENTRY ELEMENTS (KOHA) | |
| Koha item type | Books |
| Source of classification or shelving scheme | Library of Congress Classification |
| Call number prefix | Local |
| Withdrawn status | Lost status | Source of classification or shelving scheme | Damaged status | Home library | Current library | Shelving location | Date acquired | Source of acquisition | Total Checkouts | Total Renewals | Full call number | Barcode | Date last seen | Date checked out | Copy number | Price effective from | Koha item type |
|---|---|---|---|---|---|---|---|---|---|---|---|---|---|---|---|---|---|
| Library of Congress Classification | Archives | Archives | 12/09/2013 | Donation | 1 | 32 | KPM 863 .D56 2007 | C10996 | 05/08/2018 | 12/07/2017 | 1 | 12/09/2013 | Books | ||||
| Library of Congress Classification | College Library | College Library | Filipiniana Section | 12/09/2013 | Library Fund | KPM 863 .D56 2007 | C10346 | 05/08/2018 | 2 | 12/09/2013 | Books | ||||||
| Library of Congress Classification | College Library | College Library | Filipiniana Section | 12/09/2013 | Library Fund | 2 | 12 | KPM 863 .D56 2007 | C10345 | 02/15/2020 | 01/16/2020 | 3 | 12/09/2013 | Books |